Nevyhnutnosť strategickej orientácie v rozvoji cestovného ruchu na Slovensku
Východiskový stav rozvoja cestovného ruchu (CR) - vonkajšie prostredie CR, úlohy štátnej správy a samosprávy v CR, podnikateľské prostredie, úloha regiónov a stredísk v rozvoji CR, správanie účastníkov CR. Stratégia rozvoja CR - poslanie, ciele stratégie, stratégia rozvoja. Náčrt štátnej politiky CR...
Salvato in:
| Autore principale: | |
|---|---|
| Altri autori: | |
| Natura: | Capitolo di libro |
| Lingua: | slovacco |
| Soggetti: | |
| Tags: |
Nessun Tag, puoi essere il primo ad aggiungerne!!
|
MARC
| LEADER | 00000naa a2200000 4500 | ||
|---|---|---|---|
| 001 | r044069 | ||
| 005 | 20231003112307.3 | ||
| 041 | 0 | |a slo | |
| 044 | |a SK | ||
| 245 | 1 | 0 | |a Nevyhnutnosť strategickej orientácie v rozvoji cestovného ruchu na Slovensku |c Marian Gúčik, Andrej Malachovský |
| 520 | |a Východiskový stav rozvoja cestovného ruchu (CR) - vonkajšie prostredie CR, úlohy štátnej správy a samosprávy v CR, podnikateľské prostredie, úloha regiónov a stredísk v rozvoji CR, správanie účastníkov CR. Stratégia rozvoja CR - poslanie, ciele stratégie, stratégia rozvoja. Náčrt štátnej politiky CR na Slovensku. | ||
| 610 | 2 | 0 | |a ruch cestovný |
| 610 | 2 | 0 | |a správa štátna |
| 610 | 2 | 0 | |a samospráva |
| 610 | 2 | 0 | |a regióny |
| 610 | 2 | 0 | |a prostredie podnikateľské |
| 610 | 2 | 0 | |a stratégia podniková |
| 610 | 2 | 0 | |a politika ruchu cestovného |
| 610 | 2 | 0 | |a štát |
| 610 | 2 | 0 | |a Slovensko |
| 100 | 1 | |a Gúčik, Marián | |
| 700 | 1 | |a Malachovský, Andrej | |